000 00263nam a2200109Ia 4500
008 190911s9999||||xx |||||||||||||| ||und||
100 _aM. A. Mirabito
245 4 _aThe New Communications Technologies
260 _aUSA
_bPearson
_c1994
300 _a223
942 _cBK
999 _c6971
_d6971